5HLuxD.jpg

KING HENRY VIII SENIOR AND PRIMARY SCHOOL LIBRARY OPAC

FOOD FOR LIFE RAINFORESTS (Record no. 5119)

000 -LEADER
fixed length control field 00338nam a22001217a 4500
008 - FIXED-LENGTH DATA ELEMENTS--GENERAL INFORMATION
fixed length control field 250625b ||||| |||| 00| 0 eng d
020 ## - INTERNATIONAL STANDARD BOOK NUMBER
International Standard Book Number 9781628321036
082 ## - DEWEY DECIMAL CLASSIFICATION NUMBER
Classification number 577.34 RIG
100 ## - MAIN ENTRY--PERSONAL NAME
Personal name RIGGS,KATE
Relator term AUTHOR
245 ## - TITLE STATEMENT
Title FOOD FOR LIFE RAINFORESTS
260 ## - PUBLICATION, DISTRIBUTION, ETC.
Place of publication, distribution, etc. PO BOX 227 MANKATO,MINNESOTA 56002
Name of publisher, distributor, etc. CREATIVE PAPERBACKS
Date of publication, distribution, etc. 2015
942 ## - ADDED ENTRY ELEMENTS (KOHA)
Source of classification or shelving scheme
Holdings
Withdrawn status Lost status Source of classification or shelving scheme Damaged status Not for loan Collection code Permanent Location Current Location Shelving location Date acquired Full call number Barcode Date last seen Price effective from Koha item type Public note
          Non-Fiction KH8 Primary School Library KH8 Primary School Library Non Fiction 2025-06-25 577.34 RIG 3KHPL000002209 2025-12-05 2025-06-25 Books - Non Ficton KH8 PRIMARY LIBRARY

Powered By KH8 IT Dept